<?xml version="1.0" encoding="UTF-8"?>
<record
    xmlns:xsi="http://www.w3.org/2001/XMLSchema-instance"
    xsi:schemaLocation="http://www.loc.gov/MARC21/slim http://www.loc.gov/standards/marcxml/schema/MARC21slim.xsd"
    xmlns="http://www.loc.gov/MARC21/slim">

  <leader>00861 am a2200253 a 4500</leader>
  <controlfield tag="005">20231227115310.0</controlfield>
  <controlfield tag="008">100811s1990||||ck d   f |||| 000 0 spa d</controlfield>
  <datafield tag="020" ind1=" " ind2=" ">
    <subfield code="a">9189024</subfield>
  </datafield>
  <datafield tag="041" ind1=" " ind2=" ">
    <subfield code="a">spa</subfield>
  </datafield>
  <datafield tag="092" ind1=" " ind2=" ">
    <subfield code="c">362.1</subfield>
    <subfield code="l">51</subfield>
    <subfield code="s">MAL</subfield>
  </datafield>
  <datafield tag="100" ind1="1" ind2=" ">
    <subfield code="a">Malag&#xF3;n Londoso, Gustavo.</subfield>
    <subfield code="9">681</subfield>
  </datafield>
  <datafield tag="245" ind1=" " ind2="3">
    <subfield code="a">El aparato locomotor en el nivel primario. </subfield>
    <subfield code="b">Gu&#xED;a para la docencia /  </subfield>
    <subfield code="c">Gustavo Malag&#xF3;n Londoso.</subfield>
  </datafield>
  <datafield tag="250" ind1=" " ind2=" ">
    <subfield code="a">1a ed.</subfield>
  </datafield>
  <datafield tag="260" ind1=" " ind2=" ">
    <subfield code="a">Bogot&#xE1; [Colombia]: </subfield>
    <subfield code="b">OPS ; ASCOFAME (Asociaci&#xF3;n Colombiana de Facultades de Medicina);</subfield>
    <subfield code="c">1990.</subfield>
  </datafield>
  <datafield tag="300" ind1=" " ind2=" ">
    <subfield code="a">185 p.</subfield>
    <subfield code="b">il.</subfield>
  </datafield>
  <datafield tag="500" ind1=" " ind2=" ">
    <subfield code="a">Malag&#xF3;n Londoso, G. (1990). El aparato locomotor en el nivel primario. Gu&#xED;a para la docencia. (1a ed.). Bogot&#xE1; : OPS ; ASCOFAME.</subfield>
  </datafield>
  <datafield tag="653" ind1=" " ind2=" ">
    <subfield code="a">Salud p&#xFA;blica</subfield>
  </datafield>
  <datafield tag="653" ind1=" " ind2=" ">
    <subfield code="a">Docencia</subfield>
  </datafield>
  <datafield tag="653" ind1=" " ind2=" ">
    <subfield code="a">Promoci&#xF3;n de la salud</subfield>
  </datafield>
  <datafield tag="930" ind1=" " ind2=" ">
    <subfield code="a">982</subfield>
  </datafield>
  <datafield tag="930" ind1=" " ind2=" ">
    <subfield code="a">983</subfield>
  </datafield>
  <datafield tag="930" ind1=" " ind2=" ">
    <subfield code="a">984</subfield>
  </datafield>
  <datafield tag="942" ind1=" " ind2=" ">
    <subfield code="2">ddc</subfield>
    <subfield code="c">BK</subfield>
  </datafield>
  <datafield tag="999" ind1=" " ind2=" ">
    <subfield code="c">606</subfield>
    <subfield code="d">606</subfield>
  </datafield>
  <datafield tag="952" ind1=" " ind2=" ">
    <subfield code="0">0</subfield>
    <subfield code="1">0</subfield>
    <subfield code="2">ddc</subfield>
    <subfield code="4">0</subfield>
    <subfield code="5">1</subfield>
    <subfield code="7">1</subfield>
    <subfield code="a">BFM</subfield>
    <subfield code="b">BFM</subfield>
    <subfield code="c">REF</subfield>
    <subfield code="d">2011-05-13</subfield>
    <subfield code="l">0</subfield>
    <subfield code="o">362.1 51 MAL</subfield>
    <subfield code="p">982</subfield>
    <subfield code="r">2014-11-06</subfield>
    <subfield code="t">ej.1</subfield>
    <subfield code="w">2011-05-13</subfield>
    <subfield code="y">REF</subfield>
    <subfield code="z">Baja 2017. LIBRO DE CONSULTA. (Caja nro 6)</subfield>
    <subfield code="f"></subfield>
  </datafield>
  <datafield tag="952" ind1=" " ind2=" ">
    <subfield code="0">0</subfield>
    <subfield code="1">0</subfield>
    <subfield code="2">ddc</subfield>
    <subfield code="4">0</subfield>
    <subfield code="5">1</subfield>
    <subfield code="7">1</subfield>
    <subfield code="a">BFM</subfield>
    <subfield code="b">BFM</subfield>
    <subfield code="c">CR</subfield>
    <subfield code="d">2011-05-13</subfield>
    <subfield code="l">0</subfield>
    <subfield code="o">362.1 51 MAL</subfield>
    <subfield code="p">983</subfield>
    <subfield code="r">2014-11-06</subfield>
    <subfield code="t">ej.2</subfield>
    <subfield code="w">2011-05-13</subfield>
    <subfield code="y">BK</subfield>
    <subfield code="z">Baja 2017 (Caja nro 6)</subfield>
    <subfield code="f"></subfield>
  </datafield>
  <datafield tag="952" ind1=" " ind2=" ">
    <subfield code="0">0</subfield>
    <subfield code="1">0</subfield>
    <subfield code="2">ddc</subfield>
    <subfield code="4">0</subfield>
    <subfield code="5">1</subfield>
    <subfield code="7">1</subfield>
    <subfield code="a">BFM</subfield>
    <subfield code="b">BFM</subfield>
    <subfield code="c">CR</subfield>
    <subfield code="d">2011-05-13</subfield>
    <subfield code="l">0</subfield>
    <subfield code="o">362.1 51 MAL</subfield>
    <subfield code="p">984</subfield>
    <subfield code="r">2015-10-22</subfield>
    <subfield code="t">ej.3</subfield>
    <subfield code="w">2011-05-13</subfield>
    <subfield code="y">BK</subfield>
    <subfield code="z">Baja 2017 (Caja nro 6)</subfield>
    <subfield code="f"></subfield>
  </datafield>
</record>
